| 000 | 00502nam a22001817a 4500 | ||
|---|---|---|---|
| 005 | 20231023133210.0 | ||
| 008 | 231023b |||||||| |||| 00| 0 eng d | ||
| 020 | _a0702126128 | ||
| 041 | _aEnglish | ||
| 082 | _a158 ANS | ||
| 100 |
_aAnstey, M _lEnglish |
||
| 245 |
_aNegotiating Conflict / _cM Anstey |
||
| 250 | _aFirst Edition | ||
| 260 |
_aCape Town : _bCreda Press, _c1991 |
||
| 300 |
_bxx, 402 pages ; _c22 cm |
||
| 650 |
_aLegal practice _bLaw |
||
| 942 |
_cBK _6ALISON_B_N__VRIES |
||
| 999 |
_c10 _d10 |
||